Eminent Economists Their Life Philosophies

Gespeichert in:
Bibliographische Detailangaben
Weitere Verfasser: Szenberg, Michael
Format: Buch
Sprache:Englisch
Veröffentlicht: Cambridge Cambridge University Press 1992
Ausgabe:1st Paperback Edition 1993
Schlagworte:
Tags: Tag hinzufügen
Keine Tags, Fügen Sie das erste Tag hinzu!

MARC

LEADER 00000nam a2200000 4500
001 0283160
005 20240416113607.0
020 |a 0-521-38212-2 
020 |a 0-521-44987-1 
041 0 |a eng 
044 |a GB 
245 1 0 |a Eminent Economists  |b Their Life Philosophies  |c edited by Michael Szenberg 
250 |a 1st Paperback Edition 1993 
264 1 |a Cambridge  |b Cambridge University Press  |c 1992 
300 |a xvi, 304 s. 
610 2 0 |a veda ekonomická 
610 2 0 |a ekonómia 
610 2 0 |a ekonómovia 
700 1 |a Szenberg, Michael